Bodies politic and their governments /

Bibliographic Details
Main Author: Hammond, Basil Edward, 1842-1916
Format: Book
Language:English
Published: Cambridge [England] : University press, 1915.
Subjects:

MARC

Tag First Indicator Second Indicator Subfields
LEADER 00000cam a2200000 4500
001 in00000060504
005 20151007082640.0
008 720629s1915 eng u
010 |a  15013395  
035 |a (OCoLC)00345048 
035 |9 AAF8205AM 
040 |c KSU  |d TXA  |d UtOrBLW 
049 |a TXAM  |c [6854] 
050 0 |a JF51  |b .H3 
092 |a 320  |b H22 
100 1 |a Hammond, Basil Edward,  |d 1842-1916. 
245 1 0 |a Bodies politic and their governments /  |c by Basil Edward Hammond. 
264 1 |a Cambridge [England] :  |b University press,  |c 1915. 
300 |a x, 559 pages ;  |c 24 cm. 
336 |a text  |b txt  |2 rdacontent 
337 |a unmediated  |b n  |2 rdamedia 
338 |a volume  |b nc  |2 rdacarrier 
650 0 |a Political science. 
999 |a MARS 
999 f f |s 0c5c3170-7703-36c4-8825-4b60e64b4676  |i 46df8bd5-cd3c-3232-b532-8a4d85511bd7  |t 0 
952 f f |p ric  |a Texas A&M University  |b Rellis Campus  |c Joint Library Facility  |d Remote Storage  |t 0  |e JF51 .H3  |h Library of Congress classification  |i unmediated -- volume  |m A14800656303 
998 f f |a JF51 .H3  |t 0  |l Remote Storage